000 00577nam a2200277Ia 4500
005 20260401122201.0
008 008 250103s9999 xx 000 0 eng d
020 _a8126013427
037 _aTB
040 _aEDL
040 _beng
040 _cEDL
041 _2eng
041 _aeng
084 _aIn823 MUK
084 _qEDL
245 0 _aEarly Novels in India
260 _aNew Delhi
260 _bSahitya Akademi
260 _c2005
300 _a278p
942 _cTB
942 _hIn823 MUK
999 _c1845466
_d1845466